[Event "Montevideo Noches de Misterio op"]
[Site "Montevideo"]
[Date "2018.05.02"]
[Round "3"]
[White "Rodriguez Farias, Eduardo"]
[Black "Torres Valdes, Frank"]
[Result "1-0"]
[WhiteElo "1886"]
[BlackElo "2010"]
[PlyCount "38"]
[EventDate "2018.04.18"]
[EventType "swiss"]
[EventRounds "6"]
[EventCountry "URU"]
[SourceTitle "CBM 184 Extra"]
[Source "ChessBase"]
[SourceDate "2018.06.28"]
[SourceVersion "1"]
[SourceVersionDate "2018.06.28"]
[SourceQuality "1"]

1. e4 e5 2. Nf3 f5 3. Nxe5 Qf6 4. d4 d6 5. Nc4 fxe4 6. Nc3 Qg6 7. f3 Nf6 8. fxe4 Be7 9. Ne3 Nxe4 10. Nxe4 Qxe4 11. Bd3 Bh4+ 12. Ke2 Bg4+ 13. Kd2 Qxd3+ 14. Kxd3 Bxd1 15. Rxd1 Nc6 16. Nf5 Bf6 17. Re1+ Kd7 18. c3 Rae8 19. Bf4 g6 1-0